MARC details
| 000 -CABECERA |
| campo de control de longitud fija |
02544nam a2200445 a 4500 |
| 001 - NÚMERO DE CONTROL |
| campo de control |
Z_5323 |
| 003 - IDENTIFICADOR DEL NÚMERO DE CONTROL |
| campo de control |
CHAP |
| 005 - FECHA Y HORA DE LA ÚLTIMA TRANSACCIÓN |
| campo de control |
20250619142737.0 |
| 007 - CAMPO FIJO DE DESCRIPCIÓN FÍSICA--INFORMACIÓN GENERAL |
| campo de control de longitud fija |
ta |
| 008 - DATOS DE LONGITUD FIJA--INFORMACIÓN GENERAL |
| campo de control de longitud fija |
220113t20052008mx a frf 001 0 s d |
| 010 ## - NÚMERO DE CONTROL DE LA BIBLIOTECA DEL CONGRESO |
| Número de control de LC |
168389 |
| 020 ## - NÚMERO INTERNACIONAL ESTÁNDAR DEL LIBRO |
| Número Internacional Estándar del Libro |
968-24-1310-9 |
| 020 ## - NÚMERO INTERNACIONAL ESTÁNDAR DEL LIBRO |
| Número Internacional Estándar del Libro |
978-968-24-1310-0 |
| Información calificativa |
reimpresión 2008 |
| 040 ## - FUENTE DE LA CATALOGACIÓN |
| Centro catalogador/agencia de origen |
Z |
| Centro/agencia transcriptor |
CHAP |
| Normas de descripción |
rda |
| 041 0# - CÓDIGO DE LENGUA |
| Código de lengua del sumario o resumen |
Español |
| Código de lengua de la tabla de contenido |
Español |
| 082 ## - NÚMERO DE LA CLASIFICACIÓN DECIMAL DEWEY |
| Número de clasificación |
636.2142 |
| Número de documento/Ítem |
M36 2005 |
| Número de edición |
20 |
| 245 10 - MENCIÓN DE TÍTULO |
| Título |
Manual del ganado bovino para leche : |
| Resto del título |
una guía paso a paso / |
| Mención de responsabilidad, etc. |
coordinador Luis Lesur; diseño gráfico y fotografía Olivia Ortega; colaboradores Guillermo Fitz [y cinco más] |
| 250 ## - MENCIÓN DE EDICIÓN |
| Mención de edición |
Primera edición |
| 264 #1 - PRODUCCIÓN, PUBLICACIÓN, DISTRIBUCIÓN, FABRICACIÓN Y COPYRIGHT |
| Producción, publicación, distribución, fabricación y copyright |
México, D. F. : |
| Nombre del de productor, editor, distribuidor, fabricante |
Trillas, |
| Fecha de producción, publicación, distribución, fabricación o copyright |
©2005 |
| 300 ## - DESCRIPCIÓN FÍSICA |
| Extensión |
80 páginas : |
| Otras características físicas |
ilustraciones |
| 336 ## - TIPO DE CONTENIDO |
| Fuente |
rdacontent |
| Término de tipo de contenido |
texto |
| Código de tipo de contenido |
txt |
| 337 ## - TIPO DE MEDIO |
| Fuente |
rdamedia |
| Nombre/término del tipo de medio |
sin medio |
| Código del tipo de medio |
n |
| 338 ## - TIPO DE SOPORTE |
| Fuente |
rdacarrier |
| Nombre/término del tipo de soporte |
volumen |
| Código del tipo de soporte |
nc |
| 490 1# - MENCIÓN DE SERIE |
| Mención de serie |
Cómo hacer bien y fácilmente (Trillas) |
| 500 ## - NOTA GENERAL |
| Nota general |
ej.1: C/E \ ej.2: Reposición (del título: Buxade Carbo, Carlos. Vacuno de leche de alta producción: sus alojamientos e instalaciones. 2007, ISBN 978-84-611-7630-4, 254 p. ej. 1 Clas. 636.2 B89 |
| 505 0# - NOTA DE CONTENIDO CON FORMATO |
| Nota de contenido con formato |
Introducción -- Razas de ganado lechero -- Elección y mejoramiento del hato -- Reproducción -- Alimentación -- Producción de leche -- Manejo -- Salud -- Instalaciones. |
| 520 ## - SUMARIO, ETC. |
| Sumario, etc. |
Una granja lechera es un negocio que consiste en tener ganado de alta producción con el fin de obtener leche en cantidad y con calidad, para fines comerciales. En general, los ingresos que produce un a granja lechera son estables, comparados con otros negocios agropecuarios. En la actualidad, una vaca lechera de lata producción puede aportar entre 5 y 10 litros de leche al año, dependiendo de su raza y de su calidad productiva. Sin embargo una granja moderna requiere de conocimientos especializados y mano de obra bien capacitada. El presente manual le indica paso a paso, las técnicas y procedimientos que le permitirán iniciarse en el manejo moderno del hato lechero con ganado bovino o vacuno, como también se le llama. |
| 650 13 - PUNTO DE ACCESO ADICIONAL DE MATERIA--TÉRMINO DE MATERIA |
| Término de materia o nombre geográfico como elemento de entrada |
Ganado de leche |
| 9 (RLIN) |
140524 |
| 650 13 - PUNTO DE ACCESO ADICIONAL DE MATERIA--TÉRMINO DE MATERIA |
| Término de materia o nombre geográfico como elemento de entrada |
Ganado bovino |
| 9 (RLIN) |
138033 |
| 650 13 - PUNTO DE ACCESO ADICIONAL DE MATERIA--TÉRMINO DE MATERIA |
| Término de materia o nombre geográfico como elemento de entrada |
Cría de ganado |
| 9 (RLIN) |
137235 |
| 650 13 - PUNTO DE ACCESO ADICIONAL DE MATERIA--TÉRMINO DE MATERIA |
| Término de materia o nombre geográfico como elemento de entrada |
Manejo de granjas lecheras |
| 9 (RLIN) |
190687 |
| 700 1# - PUNTO DE ACCESO ADICIONAL--NOMBRE DE PERSONA |
| Nombre de persona |
Lesur, Luis |
| 9 (RLIN) |
66363 |
| Término indicativo de función/relación |
coordinador |
| 700 1# - PUNTO DE ACCESO ADICIONAL--NOMBRE DE PERSONA |
| Nombre de persona |
Ortega, Olivia |
| Término indicativo de función/relación |
diseño y fotografía |
| 9 (RLIN) |
142654 |
| 700 1# - PUNTO DE ACCESO ADICIONAL--NOMBRE DE PERSONA |
| Nombre de persona |
Fitz, Guillermo |
| Término indicativo de función/relación |
colaborador |
| 9 (RLIN) |
190688 |
| 830 #0 - PUNTO DE ACCESO ADICIONAL DE SERIE-TÍTULO UNIFORME |
| Título uniforme |
Cómo hacer bien y fácilmente (Trillas) |
| 9 (RLIN) |
188883 |
| 942 ## - ELEMENTOS DE PUNTO DE ACCESO ADICIONAL (KOHA) |
| Tipo de ítem Koha |
Libro |
| Fuente del sistema de clasificación o colocación |
Dewey Decimal Classification |
| 901 ## - ELEMENTOS DE DATOS A LOCAL LDA (RLIN) |
| a |
636.2142 M36 |
| 902 ## - ELEMENTOS DE DATOS B LOCAL, LDB (RLIN) |
| a |
A |
| 910 ## - DATOS DE OPCIÓN DEL USUARIO (OCLC) |
| Datos de opción del usuario |
2005 |